000 00424nam a2200145Ia 4500
008 230917s9999||||xx |||||||||||||| ||und||
040 _e172175
_aMAIN
041 _aEnglish
082 _a891.437731 DB451B
100 _aदेसाई, बापूराव
245 0 _aबापू के तीन बन्दर
260 _aहिसार
_bअमन प्रकाशन
_c1992
300 _a96 p.
942 _cHN
999 _c84581
_d84581